<?xml version="1.0" encoding="UTF-8"?>
<marc:record xmlns:marc="http://www.loc.gov/MARC21/slim">
   <marc:leader>00000nam a2200000 a 4500</marc:leader>
   <marc:datafield ind1="1" ind2=" " tag="100">
      <marc:subfield code="a">Brunnsteiner, Christine</marc:subfield>
      <marc:subfield code="4">aut</marc:subfield>
      <marc:subfield code="e">Verfasser/-in</marc:subfield>
   </marc:datafield>
   <marc:datafield ind1=" " ind2=" " tag="653">
      <marc:subfield code="a">Alter</marc:subfield>
   </marc:datafield>
   <marc:datafield ind1=" " ind2=" " tag="653">
      <marc:subfield code="a">Frau</marc:subfield>
   </marc:datafield>
   <marc:datafield ind1=" " ind2=" " tag="653">
      <marc:subfield code="a">Altern</marc:subfield>
   </marc:datafield>
   <marc:datafield ind1="0" ind2="0" tag="245">
      <marc:subfield code="a">Alte Weiber</marc:subfield>
   </marc:datafield>
   <marc:datafield ind1="0" ind2="0" tag="245">
      <marc:subfield code="b">Briefe über Leiden, Lust und Leichtigkeit</marc:subfield>
   </marc:datafield>
   <marc:datafield ind1="0" ind2="0" tag="245">
      <marc:subfield code="c">Christine Brunnsteiner</marc:subfield>
   </marc:datafield>
   <marc:datafield ind1=" " ind2="1" tag="264">
      <marc:subfield code="a">Graz</marc:subfield>
      <marc:subfield code="b">Styria</marc:subfield>
      <marc:subfield code="c">2008</marc:subfield>
   </marc:datafield>
   <marc:datafield ind1="1" ind2=" " tag="520">
      <marc:subfield code="a">Ab wann ist man alt? Teil des Lebens ist das Altwerden - und mit ihm auch viele Fragen: Wie lange "muss" ich mich körperlich fit halten? Wann soll ich mich um ein Altersheim kümmern? Welche Entscheidungen sollten besser meine Kinder für mich treffen? Und: Ab wann ist man "alt"? Marlene, Krankenpflegerin in den Mittfünfzigern, und Eva, eine lebensfrohe 80-Jährige, lernen sich auf einem Seminar kennen und schließen Freundschaft, Brieffreundschaft. In ihren Briefen befassen sie sich genau mit all den Fragen, die plötzlich auftauchen, wenn man die "besten Tage" schon hinter sich hat und es dem "Ende zu geht". Dabei geht es nicht nur um den oberflächlichen Austausch von Neuigkeiten zwischen zwei Frauen unterschiedlicher Generationen, sondern um gefühlsechte, tiefgehende Briefwechsel, in denen sie sich ermutigen und Rat geben. Dabei tauchen auch Fragen zum Thema Liebe auf, die gar nicht so einfach sind. Weder für die eine, noch für die andere. Es entsteht eine besondere Verbindung zwischen ihnen und beim Leser das Gefühl, man kenne Eva und Marlene, und manchmal erkennt man sich sogar selbst in ihnen. Berührend, humorvoll und wie aus dem echten Leben! *Apropos* Maria Moser</marc:subfield>
   </marc:datafield>
   <marc:datafield ind1=" " ind2=" " tag="020">
      <marc:subfield code="a">9783222132506</marc:subfield>
      <marc:subfield code="9">9783222132506</marc:subfield>
   </marc:datafield>
   <marc:datafield ind1=" " ind2=" " tag="020">
      <marc:subfield code="a">322213250X</marc:subfield>
      <marc:subfield code="9">322213250X</marc:subfield>
   </marc:datafield>
   <marc:datafield ind1=" " ind2=" " tag="300">
      <marc:subfield code="a">143 S.</marc:subfield>
   </marc:datafield>
</marc:record>
